00282nam a2200109Ia 4500008004100000082001700041100001900058245003900077250000800116260004000124300000800164191201s2011 xx 000 0 und d a005.133bHOF aHOROWITZ,Ellis 0aFundamental of data structure in C aRep c2011bUniversities PreesaNEW DELHI a617